00292 a2200133 450000100060000002000180000604000220002410000180004624000330006424500280009730000070012536200090013265000170014168162 a9788500490002 cAnchieta - Pituba aLara, William10aRelações do ensinarlpor10aRelações do ensinar a600 a2004 4aEducação